000 00842nam a22002657a 4500
003 BD-DhJNU
005 20250127053807.0
008 250127b |||||||| |||| 00| 0 eng d
020 _a9780123740137
020 _a9788131210451
040 _aBD-DhJNU
_bENG
_cBD-DhJNU
_dBD-DhJNU
082 _223
_a004.65 PEC
100 _aPeterson, Larry L.
245 _aComputer networks :
_b a systems approach /
_cLarry L. Peterson and Bruce S. Davie
250 _a4th ed
260 _aNew Delhi :
_bMorgan Kaufmann Publishers,
_c2010.
300 _axxvii, 806p. :
_bill. ;
_c24 cm.
490 _aMorgan Kaufmann series in networking
504 _aIncludes bibliographies and index
650 _aComputer Networks
650 _aAcademic theses
650 _aComputer Communication Networks
700 _aDavie, Bruce S.
942 _2ddc
_cBK
_n0
999 _c1184
_d1184